| 000 | 01136nam a22002057a 4500 | ||
|---|---|---|---|
| 999 |
_c9775 _d9775 |
||
| 003 | AR-CdUCM | ||
| 008 | 190328b ||||| |||| 00| 0 spa d | ||
| 040 |
_aMUNICIPALIDAD PROVINCIAL DEL CUSCO _cBIBLIOTECA MUNICIPAL DEL CUSCO |
||
| 082 |
_aC / 379.84 / _bA78P |
||
| 100 |
_aArze, Jose Antonio _926211 |
||
| 245 | _aProceso de la Educacion Boliviana / | ||
| 260 |
_aBolivia : _bOficina de Informaciones de ka G. Camara de Diputados , _c1947. |
||
| 300 |
_a73 páginas ; _e2 mapas conceptuales. |
||
| 505 | _aContenido : La educacion en la sociedad Incaica -- La educacion en la sociedad Colonial -- La educacion en la epoca Republicana -- Panorama de la Educaicon Bolviana en 1947 -- El futuro de la educacion boliviana y los ideales pedagogicos de la Izquierda -- ¿Que hacer para transformar nuestro sistema educativo? -- Estatuto de Educacion de 1874 -- Estatuto de Educacion de 1930 -- Diagrama de un posible ministerio de educacion publica en Bolivia... | ||
| 650 |
_aReforma Educativa Boliviana _926212 |
||
| 650 |
_aPedagogia Boliviana _926213 |
||
| 650 |
_aEducacion en Bolivia _926214 |
||
| 942 |
_2ddc _cLIBROS |
||
| 945 | _artm | ||